[Event "Doeberl Cup Minor 48th"]
[Site "Canberra"]
[Date "2010.04.04"]
[Round "5"]
[White "Bortsova, Natasha"]
[Black "Carty, Jak"]
[Result "1-0"]
[WhiteElo "1245"]
[BlackElo "965"]
[PlyCount "27"]
[EventDate "2010.04.02"]
[EventType "swiss"]
[EventRounds "7"]
[EventCountry "AUS"]
[SourceTitle "EXT 2012"]
[Source "ChessBase"]
[SourceDate "2011.11.24"]
[SourceVersion "1"]
[SourceVersionDate "2011.11.24"]
[SourceQuality "1"]

1. d4 Nf6 2. c4 c5 3. d5 e6 4. Nc3 exd5 5. cxd5 d6 6. e4 g6 7. f4 Bg7 8. Nf3 Bg4 9. Bb5+ Nbd7 10. e5 dxe5 11. fxe5 Qe7 12. 0-0 Ng8 13. Bg5 Bxf3 14. Qxf3 1-0

[Event "Doeberl Cup Minor 47th"]
[Site "Canberra"]
[Date "2009.04.11"]
[Round "3"]
[White "Carty, Jak"]
[Black "Radisich, Matt"]
[Result "1-0"]
[WhiteElo "640"]
[BlackElo "916"]
[PlyCount "111"]
[EventDate "2009.04.10"]
[EventType "swiss"]
[EventRounds "6"]
[EventCountry "AUS"]
[SourceTitle "CBM 129 Extra"]
[Source "ChessBase"]
[SourceDate "2009.05.05"]
[SourceVersion "2"]
[SourceVersionDate "2009.05.20"]
[SourceQuality "1"]

1. d4 b6 2. c4 Bb7 3. Nc3 e6 4. a3 Nf6 5. Bg5 Be7 6. e3 Nc6 7. Nf3 0-0 8. Bd3 h6 9. Bh4 d5 10. 0-0 Na5 11. cxd5 Nxd5 12. Nxd5 Bxh4 13. Nxc7 Rc8 14. Nb5 a6 15. Nxh4 axb5 16. Nf3 Qd5 17. e4 Qd7 18. b4 Nc4 19. Bxc4 bxc4 20. Qe2 b5 21. Rfd1 f6 22. Nh4 Rfd8 23. e5 f5 24. Ng6 Kh7 25. Nf4 c3 26. Rdc1 Rc4 27. Qh5 Qe8 28. Qxe8 Rxe8 29. Ne2 Rec8 30. f3 Bd5 31. Kf2 R4c6 32. Ke3 c2 33. Nf4 Bb3 34. Nd3 Rc3 35. Kd2 R3c6 36. Nc5 Ba4 37. Ra2 Rd8 38. Kd3 Rxc5 39. bxc5 Bb3 40. Rb2 Ba4 41. Rb4 Rc8 42. g4 g6 43. h3 Kg7 44. Rxa4 bxa4 45. Rxc2 Rb8 46. Rc3 Kf7 47. c6 Ke7 48. Kc4 Kd8 49. Kc5 Kc7 50. d5 exd5 51. Kxd5 Rb5+ 52. Rc5 Rb3 53. Ra5 Rd3+ 54. Kc5 Rc3+ 55. Kb5 Rxc6 56. Ra7+ 1-0